Degeneration in the Great French masters, / (Record no. 85348)
[ view plain ]
| 000 -LEADER | |
|---|---|
| fixed length control field | 00739cam a2200229u 4500 |
| 001 - CONTROL NUMBER | |
| control field | 85348 |
| 003 - CONTROL NUMBER IDENTIFIER | |
| rucl marc code | BD-RjUL |
| 005 - DATE AND TIME OF LATEST TRANSACTION | |
| control field | 20250729112630.0 |
| 008 - FIXED-LENGTH DATA ELEMENTS--GENERAL INFORMATION | |
| fixed length control field | 250728s1922 enk 000 0 eng |
| 035 ## - SYSTEM CONTROL NUMBER | |
| System control number | (BD-RjUL)85348 |
| 040 ## - CATALOGING SOURCE | |
| Original cataloging agency | DLC |
| Transcribing agency | CarP |
| Modifying agency | DLC |
| Language of cataloging | eng |
| 041 ## - LANGUAGE CODE | |
| Language code of text/sound track or separate title | eng |
| 082 ## - DEWEY DECIMAL CLASSIFICATION NUMBER | |
| Edition number | 19 |
| Classification number | 840 |
| Author mark and year | CAD 1922 |
| 100 1# - MAIN ENTRY--PERSONAL NAME | |
| Personal name | Carrère, Jean, |
| Dates associated with a name | 1868- |
| 9 (RLIN) | 16311 |
| 245 10 - TITLE STATEMENT | |
| Title | Degeneration in the Great French masters, / |
| Remainder of title | Jean Carrere |
| 260 ## - PUBLICATION, DISTRIBUTION, ETC. (IMPRINT) | |
| Place of publication, distribution, etc. | London,: |
| Name of publisher, distributor, etc. | T. F. Unwin, limited |
| Date of publication, distribution, etc. | c1922. |
| 300 ## - PHYSICAL DESCRIPTION | |
| Pagination | xix p., 1 l., |
| Illustrations | 23, 252 [1] p. |
| Size | 23 cm. |
| 600 10 - SUBJECT ADDED ENTRY--PERSONAL NAME | |
| Personal name | Rousseau, Jean-Jacques, |
| Dates associated with a name | 1712-1778. |
| 650 #0 - SUBJECT ADDED ENTRY--TOPICAL TERM | |
| Topical term or geographic name as entry element | French literature |
| Chronological subdivision | 19th century |
| General subdivision | History and criticism. |
| 9 (RLIN) | 16313 |
| 700 1# - ADDED ENTRY--PERSONAL NAME | |
| Personal name | McCabe, Joseph, |
| Dates associated with a name | 1867-1955. |
| 942 ## - ADDED ENTRY ELEMENTS (KOHA) | |
| Source of classification or shelving scheme | Dewey Decimal Classification |
| Koha item type | Books |
| Lost status | Source of classification or shelving scheme | Damaged status | Not for loan | Collection code | Permanent Location | Current Location | Shelving location | Date acquired | Total Checkouts | Full call number | Date last seen | Copy number | Koha item type |
|---|---|---|---|---|---|---|---|---|---|---|---|---|---|
| Dewey Decimal Classification | Not For Loan | Non-fiction | Central Library, University of Rajshahi | Central Library, University of Rajshahi | Reading Room | 29/07/2025 | 840 CAD 1922 | 29/07/2025 | C-1 | Books |